000 00374nam a2200145 4500
005 20260508112846.0
020 _a9798893640212
082 _a610.28
_bKEL.B
084 _2Colon Classification
100 _aKeller, Michael
_98292
245 _aBiosensors:
_bTheory and Applications
260 _aNew York:
_bCallisto Reference;
_c2025.
300 _a226p.
942 _2ddc
_cBK
999 _c759378
_d759378